Cómo salir del hoyo (Registro nro. 437004)
[ vista simple ]
| 000 -LÍDER | |
|---|---|
| Campo fijo de descripción fija | 00609nam a22002177a 4500 |
| 003 - IDENTIFICADOR DEL NÚMERO DE CONTROL | |
| Campo de control | BCEG |
| 005 - FECHA Y HORA DE LA ULTIMA TRANSACCIÓN | |
| control field | 20260114170625.0 |
| 008 - ELEMENTOS DE LONGITUD FIJA -- INFORMACIÓN GENERAL | |
| Campo fijo de descripción fija -- Información general | 260114s2009 mx a||||||||||||||| spa|d |
| 020 ## - ISBN | |
| Isbn | 9786704292312 |
| 040 ## - FUENTE DE CATALOGACIÓN | |
| Agencia de catalogación original | BCEG |
| Idioma de catalogación | spa |
| Agencia que realiza la transcripción | BCEG |
| 082 04 - NÚMERO DE CLASIFICACIÓN DECIMAL DEWEY | |
| Número de clasificación | 332.024 |
| Clave de autor-Numero de item | B732c |
| 100 1# - ASIENTO PRINCIPAL--NOMBRE PERSONAL | |
| Nombre del autor personal | Borghino, Mario. |
| 245 10 - TÍTULO PROPIAMENTE DICHO | |
| Título | Cómo salir del hoyo |
| Otra información sobre el título - Subtitulo | : estrategias para superar la crisis. |
| 260 ## - PUBLICACIÓN, DISTRIBUCIÓN, ETC. (PIE DE IMPRENTA) | |
| Lugar de publicación, distribución, etc. | México : |
| Nombre del editor, distribuidor, etc. | Grijalgo : Random House Mondadori, |
| Fecha de publicación, distribución, etc. | 2009. |
| 300 ## - DESCRIPCIÓN FÍSICA | |
| Extensión | 156 p. : |
| Otros detalles físicos | il. |
| 541 ## - NOTA DE FUENTE INMEDIATA DE ADQUISICIÓN | |
| Nota de fuente de adquisición | Donación. |
| 650 14 - ASIENTO SECUNDARIO DE MATERIA - TERMINO TEMÁTICO | |
| Término temático o nombre geográfico como elemento de entrada | Finanzas personales. |
| 650 14 - ASIENTO SECUNDARIO DE MATERIA - TERMINO TEMÁTICO | |
| Término temático o nombre geográfico como elemento de entrada | Crisis financiera. |
| 700 1# - ASIENTO SECUNDARIO - NOMBRE PERSONAL | |
| Nombre personal | Leyva, Hugo, |
| Función o responsabilidad del autor | il. |
| 942 ## - TIPO DE MATERIAL (KOHA) | |
| Tipo de Item KOHA | Libro |
| No para Préstamo | Colección | Biblioteca de Origen | Biblioteca Permanente | Fecha de Adquisición | Fuente de Adquisicion | Total de Préstamos | Signatura Topográfica | Código de Barras | Última vez visto | Tipo de Material |
|---|---|---|---|---|---|---|---|---|---|---|
| Material en Reserva | General | Biblioteca Central Estatal de Guanajuato, "Wigberto Jiménez Moreno" | Biblioteca Central Estatal de Guanajuato, "Wigberto Jiménez Moreno" | 14/01/2026 | DONAD | 332.024 B732c | BCEG8655230719 | 25/03/2026 | Libro |